Zmeny v daňovom poriadku od 1.1.2018 a od 1.1.2019

Zákon č. 267/2017 Z.z.; zákon č. 563/2009 Z. z.; zákon č. 595/2003 Z.z.; zákon č. 297/2008 Z. z.; zákon č. 479/2009 Z. z.; zákon č. 235/2012 Z. z. Správa daní. Index daňovej spoľahlivosti. Daňové tajomstvo. Zvyšovanie daňovej transparentnosti. Transpozícia dvoch smerníc Rady EÚ. Rozšírenie elektroni...

Description complète

Enregistré dans:
Détails bibliographiques
Auteur principal: Jurčíková, Božena
Format: Chapitre de livre
Langue:slovaque
Sujets:
Tags: Ajouter un tag
Pas de tags, Soyez le premier à ajouter un tag!

MARC

LEADER 00000naa a2200000 4500
001 0241129
005 20180314110331.2
041 0 |a slo 
044 |a SK 
245 1 0 |a Zmeny v daňovom poriadku od 1.1.2018 a od 1.1.2019  |c Božena Jurčíková 
520 |a Zákon č. 267/2017 Z.z.; zákon č. 563/2009 Z. z.; zákon č. 595/2003 Z.z.; zákon č. 297/2008 Z. z.; zákon č. 479/2009 Z. z.; zákon č. 235/2012 Z. z. Správa daní. Index daňovej spoľahlivosti. Daňové tajomstvo. Zvyšovanie daňovej transparentnosti. Transpozícia dvoch smerníc Rady EÚ. Rozšírenie elektronickej komunikácie. Podanie odvolania proti rozhodnutiu správcu dane. Lehota na vykonanie vyrubovacieho konania. 
610 2 0 |a správa daňová 
610 2 0 |a novelizácia 
610 2 0 |a Slovensko 
610 2 0 |a poriadok daňový 
100 1 |a Jurčíková, Božena